000
00227nam a2200085Ia 4500
245
0
_a
Sleeper's wake
100
_a
Morgan Alistair Johannesburg2009, 2009
_9
91522
942
_c
BK
008
210817s9999 xx 000 0 und d
999
_c
371167
_d
371166